000 01307cam a22003491 4500
001 0000004092
005 20170406115543.0
008 730208t19551952ilu b 000 0 eng
010 _a 55010349
035 _9(DLC) 55010349
040 _aDLC
_cDLC
_dDLC
_dMoSU-L
_dDLC
043 _an-us---
050 0 0 _aAC1
_b.G72 vol. 43
082 0 0 _a342.73/024
_219
245 0 4 _aThe Federalist. :
_bA commentary on the constitution of the United States /
_cby Alexander Hamilton, James Madison [and] John Jay.
260 _aNew York :
_bThe Morden Library,
_c[1955, c1952]
300 _a622 p. ;
_c25 cm.
490 0 _aGreat books of the Western World ;
_vv. 43
504 _aBibliographical footnotes.
650 0 _aConstitutional history
_zUnited States
_xSources.
650 0 _aConstitutions
_zUnited States.
700 1 2 _aMill, John Stuart,
_d1806-1873.
_tOn liberty.
700 1 2 _aMill, John Stuart,
_d1806-1873.
_tConsiderations on representative government.
700 1 2 _aMill, John Stuart,
_d1806-1873.
_tUtilitarianism.
710 1 2 _aUnited States.
_tDeclaration of Independence.
710 1 2 _aUnited States.
_tArticles of Confederation.
730 0 2 _aFederalist.
740 0 _aOn liberty.
740 0 _aRepresentative government.
740 0 _aUtilitarianism.
908 _a140813
999 _c3933
_d3933